[Event "Berlin tt 0001"]
[Site "Berlin"]
[Date "2000.11.19"]
[Round "2.8"]
[White "Sagasser, Dirk"]
[Black "Koetz, Andreas"]
[Result "0-1"]
[WhiteElo "1849"]
[BlackElo "1974"]
[PlyCount "72"]
[EventDate "2000.10.22"]
[EventType "team"]
[EventRounds "11"]
[EventCountry "GER"]
[SourceTitle "EXT 2007"]
[Source "ChessBase"]
[SourceDate "2006.11.23"]
[SourceVersion "1"]
[SourceVersionDate "2006.11.23"]
[SourceQuality "1"]

1. d4 Nf6 2. c4 g6 3. Nc3 Bg7 4. e4 d6 5. Be2 0-0 6. Nf3 e5 7. dxe5 dxe5 8. Bg5 Nbd7 9. 0-0 c6 10. Qd6 Re8 11. Rfd1 h6 12. Bh4 Bf8 13. Qd2 Qc7 14. a3 a5 15. Rac1 Kg7 16. h3 Nh5 17. Nh2 Ndf6 18. Bf3 Be6 19. Ne2 Be7 20. Qc3 Nxe4 21. Bxe4 Bxh4 22. g3 Bf6 23. Ng4 Qe7 24. c5 a4 25. Rd6 Kh7 26. Qf3 Bg7 27. Ne3 Nf6 28. g4 Nxe4 29. Qxe4 Qg5 30. Ng3 Qf4 31. Qd3 e4 32. Qe2 Ra5 33. Rdd1 Bb3 34. Rd7 Qg5 35. Rxb7 Rxc5 36. Rxc5 Qxc5 0-1